| 000 | 00762nam a22001817a 4500 | ||
|---|---|---|---|
| 005 | 20260614140258.0 | ||
| 008 | 260614b |||||||| |||| 00| 0 eng d | ||
| 020 | _a9960786498 | ||
| 040 | _c. | ||
| 082 | _a417953141 S528 1998 | ||
| 100 | _aالسويداء , عبد الرحمن بن زيد | ||
| 245 |
_aالنكهة الطائية في اللهجة الحائلية : _b/ _cعبد الرحمن بن زيد السويداء |
||
| 250 | _a1 ط | ||
| 260 | _bالسعودية , حائل , دار الاندلس للنشر والتوزيع , 1998 | ||
| 300 |
_a119 ص _c23 سم |
||
| 650 | _z اللغة العربية - اللهجات - السعودية | اللغة العربية - اللهجات - السعودية - حائل | ||
| 942 |
_2ddc _cBK-AR _n0 |
||
| 999 |
_c8989 _d8989 |
||